Quarenta anos de vida literaria e politica... / (Record no. 21988)

MARC details
000 -LEADER
campo de control de longitud fija 00514nam a2200169 i 4500
001 - NÚMERO DE CONTROL
campo de control 21988
003 - IDENTIFICADOR DE NÚMERO DE CONTROL
campo de control ES-MaACL
005 - FECHA Y HORA DE LA ÚLTIMA TRANSACCIÓN
campo de control 20230906152602.0
007 - CAMPO FIJO DE DESCRIPCIÓN FÍSICA--INFORMACIÓN GENERAL
campo de control de longitud fija t|
008 - DATOS DE LONGITUD FIJA--INFORMACIÓN GENERAL
campo de control de longitud fija 021129s19231934po ||||1| por d
100 1# - ENTRADA PRINCIPAL--NOMBRE DE PERSONA
Nombre de persona Almeida, Antonio José de.
9 (RLIN) 20109
245 10 - MENCIÓN DEL TÍTULO
Título Quarenta anos de vida literaria e politica... /
Mención de responsabilidad, etc. Antonio José de Almeida.
260 ## - PUBLICACIÓN, DISTRIBUCIÓN, ETC.
Lugar de publicación, distribución, etc. Lisboa :
Nombre del editor, distribuidor, etc. J. Rodriguez,
Fecha de publicación, distribución, etc. 1923-1934.
300 ## - DESCRIPCIÓN FÍSICA
Extensión 1 v. :
Otras características físicas 1 retr. aut. ;
Dimensiones 20 cm.
500 ## - NOTA GENERAL
Nota general Son los 3 primeros vols.
852 ## - LOCALIZACIÓN
Ubicación ES-MaACL
Número de control de estantería B-13684-86
Holdings
Estatus retirado Estado de pérdida Estado de daño No para préstamo Biblioteca de origen Biblioteca actual Ubicación en estantería Fecha de adquisición Fuente de adquisición Total de préstamos Signatura topográfica completa Código de barras Visto por última vez Precio de reemplazo Tipo de ítem Koha
        Biblioteca del Ateneo de Madrid Biblioteca del Ateneo de Madrid Sala Pardo Bazán 17/01/2008     B-13684-86 1022600 23/02/2023 23/02/2023 Libro impreso